000 02903nkm0a2200493 4500
001 RU\NLR\BIBL_A\022581326
005 20260126214616.0
035 _a(NLR Aleph) 022581326
090 _a89009
_c89009
100 _a20250707d1945 u y0rusy50 ca
101 0 _arus
102 _aRU
116 _aiiycxx bf ad
135 _acrcn 024anaba
181 0 _ab4
_bxb2e
182 0 _an
200 1 _aОтличительные признаки самолетов СССР и Германии
_eТуполев Ту-2
_eДорнье Do-217 E
_e[плакат]
_fредактор майор М. К. Анисимов
_gтехнический редактор М. Н. Степанова
203 _aИзображение
_bнеподвижное
_bдвухмерное
_bвизуальное
_cнепосредственное
210 _aМосква
_cВоенное издательство Народного коммисариата обороны
_d1945
_eМосква
_gЛитография № 2 МООМП
215 _a1 л.
_cхромолитогр.
_d88х58
300 _aВ вып. данных: Г 80073. Воениздат И-727. Подписано к печати 20/I 1945 г.; Заказ 698
300 _aНад изобр. по верхнему полю: "Управление военных воздушных сил Красной армии"
325 _aКопия доступна в Электрон. б-ке РНБ
606 1 _aПлакат инструктивный
_2nlr_sh2
_3RU\NLR\AUTH\6601761657
606 1 _aВеликая Отечественная война
_z1941 - 1945
_jПлакаты
_2nlr_sh1
_2nlr_sh2
_3RU\NLR\AUTH\668893
606 1 _aБомбардировщики Ту-2
_jПлакаты
_2nlr_sh1
_3RU\NLR\AUTH\66273919
606 1 _aDornier Do 217, бомбардировщики
_jПлакаты
_2nlr_sh1
_2nlr_sh2
_3RU\NLR\AUTH\661388105
686 _aЩ150.466
700 1 _aАнисимов
_bМ. К.
_4340
712 0 2 _aВоениздат
_cМосква
_3RU\NLR\AUTH\8810147525
_4650
712 0 2 _aМосковский областной отдел местной промышленности
_bЛитография
_c2
_3RU\NLR\AUTH\880626606
_4610
852 0 0 _aNLR
_bЭ
_jНпВо555/6-41
_mЭ043867
856 0 _uhttps://vivaldi.nlr.ru/la000071003/view
856 1 _uhttps://vivaldi.nlr.ru/la000071003/cover
856 2 _uhttps://vivaldi.nlr.ru/la000071003/text
901 _eИзографические материалы
942 _cVISUAL
945 _aРоссийская национальная библиотека
980 _aBV
980 _aNB
981 1 7 _a(17) Изографические материалы
_b(17) Плакаты